Survivor: Winners to Seasons - Statistics

General Stats
  • This quiz has been taken 45 times
    12 since last reset
  • The average score is 36 of 47
Answer Stats
Winner Theme, Location, or Number Season % Correct
Ethan Location Africa
100%
Tina Location The Australian Outback
100%
Amber Theme* All-Stars
92%
Richard Location Borneo
92%
Jenna Location Amazon
83%
Tyson Theme Blood vs. Water
83%
Tony (1) Location Cagayan
83%
Todd Location China
83%
Yul Location Cook Islands
83%
Bob Location Gabon
83%
Vecepia Location Marquesas
83%
Kim Theme One World
83%
Sandra (1) Location Pearl Islands
83%
Erika Number Survivor 41
83%
Maryanne Number Survivor 42
83%
Gabler Number Survivor 43
83%
Yam Yam Number Survivor 44
83%
Dee Number Survivor 45
83%
Brian Location Thailand
83%
Earl Location Fiji
75%
Sarah Theme* Game Changers
75%
Wendell Theme Ghost Island
75%
Tommy Theme Island of the Idols
75%
Parvati Location or Theme Micronesia
75%
Tom Location Palau
75%
Denise Location Philippines
75%
Boston Rob Theme Redemption Island
75%
Chris Location Vanuatu
75%
Tony (2) Theme* Winners at War
75%
Mike Theme Worlds Apart
75%
Nick Theme David vs. Goliath
67%
Chris Theme Edge of Extinctiion
67%
Aras Theme Exile Island
67%
Danni Location Guatemala
67%
Sandra (2) Theme* Heroes vs. Villains
67%
Adam Theme Millennials vs. Gen X
67%
Fabio Location Nicaragua
67%
Natalie Location Samoa
67%
Natalie Location San Juan del Sur
67%
Jeremy Theme* Second Chance
67%
Sophie Location South Pacific
67%
Kenzie Number Survivor 46
67%
Rachel Number Survivor 47
67%
Cochran Location Caramoan
58%
Ben Theme Heroes vs. Healers vs. Hustlers
58%
Michele Location Kaoh Rong
58%
J.T. Location Tocantins
58%
No matching quizzes found
Score Distribution
Percent of People with Each Score
Percentile by Number Answered
Your Score History
You have not taken this quiz since the last reset